00281nam a2200121Ia 4500003000400000005001700004008004100021020000800062040001700070100001700087245003700104260001800141OSt20240309120450.0170524s9999 xx 000 0 und d aNIL cIIMTU MEERUT aGUPTA- R. P. 0aVAIDYUT TAKNIKI EVAM ELECTRONIKI bBHARAT BHARTI